Once upon a time in computerland : The Amazing billion - dollar tale of Bill Millard

Đã lưu trong:
Sonraí Bibleagrafaíochta
Príomhúdar: Littman, Jonathan
Formáid: Leabhar
Teanga:Undetermined
Foilsithe: New York Simon & Schuster Inc. 1987
Ábhair:
Clibeanna: Cuir Clib Leis
Gan Chlibeanna, Bí ar an gcéad duine leis an taifead seo a chlibeáil!
Thư viện lưu trữ: Trung tâm Học liệu Trường Đại học Cần Thơ
LEADER 00575nam a2200193Ia 4500
001 CTU_84027
008 210402s9999 xx 000 0 und d
082 |a 338.7004 
082 |b L781 
100 |a Littman, Jonathan 
245 0 |a Once upon a time in computerland : 
245 4 |b The Amazing billion - dollar tale of Bill Millard 
245 0 |c Jonathan Littman 
260 |a New York 
260 |b Simon & Schuster Inc. 
260 |c 1987 
650 |a Businessmen,Computer industry 
904 |i Qhieu(sửa) 
980 |a Trung tâm Học liệu Trường Đại học Cần Thơ